ბათუმის შოთა რუსთაველის სახელმწიფო უნივერსიტეტის ბიბლიოთეკა

Orfevrerie georgienne du VIIe au XIXe siecle / (ბიბ.ჩანაწერი № 60637)

000 -LEADER
fixed length control field 00769nam a22001937a 4500
005 - DATE AND TIME OF LATEST TRANSACTION
control field 20230927111951.0
008 - FIXED-LENGTH DATA ELEMENTS--GENERAL INFORMATION
fixed length control field 230927s1979 fr ||||| |||| 00| 0 fre d
041 ## - LANGUAGE CODE
Language code of text/sound track or separate title fre
080 ## - UNIVERSAL DECIMAL CLASSIFICATION NUMBER
Universal Decimal Classification number 739.1(479.22) S-20
100 ## - MAIN ENTRY--PERSONAL NAME
Personal name Sanikidze, T.
9 (RLIN) 19634
245 ## - TITLE STATEMENT
Title Orfevrerie georgienne du VIIe au XIXe siecle /
Statement of responsibility, etc. T. Sanikidze, G. Abramishvili ; photographies: Ursulsa et Andre Held.
264 ## - PRODUCTION, PUBLICATION, DISTRIBUTION, MANUFACTURE, AND COPYRIGHT NOTICE
Place of production, publication, distribution, manufacture Geneve :
Name of producer, publisher, distributor, manufacturer Musee d'art et d'histoire,
Date of production, publication, distribution, manufacture, or copyright notice 1979.
300 ## - PHYSICAL DESCRIPTION
Extent [178] p. :
Other physical details ill., map ;
Dimensions 24 cm
521 ## - TARGET AUDIENCE NOTE
Target audience note ბიბლიოგრაფია: გვ. [176].
700 ## - ADDED ENTRY--PERSONAL NAME
Personal name Abramishvili, G.
Relator term ავტორი
9 (RLIN) 19635
700 ## - ADDED ENTRY--PERSONAL NAME
Personal name Held, Ursula
Relator term ილუსტრატორი
9 (RLIN) 19929
700 ## - ADDED ENTRY--PERSONAL NAME
Personal name Held, Andre
Relator term ილუსტრატორი
9 (RLIN) 19930
942 ## - ADDED ENTRY ELEMENTS (KOHA)
Source of classification or shelving scheme
Koha item type წიგნი
ეგზემპლარები
Withdrawn status Lost status Source of classification or shelving scheme Damaged status Not for loan Permanent Location Current Location Shelving location Date acquired Cost, normal purchase price Full call number Barcode Date last seen Copy number Uniform Resource Identifier Price effective from Koha item type Public note
          ბათუმის შოთა რუსთაველის სახელმწიფო უნივერსიტეტის მთავარი ბიბლიოთეკა ბათუმის შოთა რუსთაველის სახელმწიფო უნივერსიტეტის მთავარი ბიბლიოთეკა წიგნსაცავი 2023-09-27 20.00 739.1(479.22) S-20 65234 2023-09-27 65234 ბსუ-ს საპატიო დოქტორის გურამ ლორთქიფანიძის საჩუქარი 2023-09-27 წიგნი 20 ლ.